• 首页
  • 本馆介绍
  • 公告通知
  • 最新文献
  • 馆藏检索
  • 电子资源
  • 读者导购
  • 参考咨询
  • 我的图书馆
  • 登录
  • 详细信息显示
  • 放入我的书架
  • 预约/预借图书
  • 作者相关作品
  • 分类相关作品
  • 丛书相关作品
  • 出版社相关作品

书目信息

  • 表格格式
  • 工作单格式
  • 卡片格式
题名:
肉品加工学
    
 
作者: ;山西省畜牧兽医学校 主编
分册:  
出版信息: 北京   农业出版社  1990.10
页数: 294页
开本: 19厘米
丛书名:
单 册:
中图分类: TS251.4
科图分类: 83.415
主题词: 肉制品--食品加工--专业学校--教材
电子资源:
ISBN: 7-109-01549-1
000 00753n|m 2200253 450
001 0102597548
005 20121109170000.0
010    @a7-109-01549-1@dCNY1.70
011    @a7-109-01549-1
100    @a19910514d1990 em y0chiy0110 ea
101 0  @achi
102    @aCN@b110000
105    @ay z 000yy
135    @adrbn ---auuuu
200 1  @a肉品加工学@9Rou Pin Jia Gong Xue @f山西省畜牧兽医学校主编@b电子资源.图书
210    @a北京@c农业出版社@d1990.10
215    @a294页@d19厘米
325    @a电子复制品
606 0  @a肉制品@x食品加工@x专业学校@x教材
690    @aTS251.4
692    @a83.415
711 02 @a山西省畜牧兽医学校@9shan xi sheng xu mu shou yi xue xiao@4主编
801  0 @aCN@bAZmarc@c20230904
905    @dTS251.4@e8@f4@sTS251.4/8@aBZT
    
    肉品加工学/山西省畜牧兽医学校主编[电子资源.图书].-北京:农业出版社,1990.10
    294页;19厘米
    
    
    ISBN 7-109-01549-1:CNY1.70
    
●
相关链接 在五车中查询图书 在当当中查询图书 在豆瓣中查询图书


正题名:肉品加工学     索取号:TS251.4/8         预约/预借

序号 登录号 条形码 馆藏地/架位号 状态 备注
1 2000139921   2000139921   旧书回溯/ [索取号:TS251.4/8] 在馆    
2 2000139922   2000139922   旧书回溯/ [索取号:TS251.4/8] 在馆    
3 2000139924   2000139924   旧书回溯/ [索取号:TS251.4/8] 在馆    
4 2000139925   2000139925   旧书回溯/ [索取号:TS251.4/8] 在馆    
山东省滨州职业学院图书馆 欢迎您!
大连网信软件有限公司© 版权所有